000
00185 a2200097 4500
020
_a
8440604793
041
_a
spa
100
_a
Kerr, M. E.
245
_a
Le gusta este chico
942
_c
BK
999
_c
28514
_d
28514